000 00337nam a2200133Ia 4500
005 20260326235440.0
008 260326s9999||||xx |||||||||||||| ||und||
100 _aVillalobos Díaz, Manuel
245 0 _aNociones de Historia del Arte /
_cManuel Villalobos Díaz
260 _bAraluce
300 _a130 p.
650 _aARTE
942 _cBK
999 _c7385
_d7385